00480nam a2200157Ia 450000500170000000800410001708200130005810000180007124500390008926000370012830000190016565000180018494200060020295200990020899900150030720250324124712.0240331s9999 xx 000 0 und d bRATa894 aRatnavelon, A 0aPuthiya sagaththirap pularvin munn aColombobMeera Pathippagamc1999 aviii, 102 p ., aShort Stories cL 001040708LaWERCLbWERCLcSSCd2024-03-31l0o 894.811 RATp4260r2024-03-31w2024-03-31yL c4141d4141